MARC details
| 000 -CABECERA |
| campo de control de longitud fija |
01895nam a2200325 i 4500 |
| 001 - NÚMERO DE CONTROL |
| campo de control |
000002176 |
| 003 - IDENTIFICADOR DEL NÚMERO DE CONTROL |
| campo de control |
DO-SdBNP |
| 005 - FECHA Y HORA DE LA ÚLTIMA TRANSACCIÓN |
| campo de control |
20260306125138.0 |
| 007 - CAMPO FIJO DE DESCRIPCIÓN FÍSICA--INFORMACIÓN GENERAL |
| campo de control de longitud fija |
ta |
| 008 - DATOS DE LONGITUD FIJA--INFORMACIÓN GENERAL |
| campo de control de longitud fija |
090701s1986 dr r 000 p spa d |
| 040 ## - FUENTE DE LA CATALOGACIÓN |
| Centro catalogador/agencia de origen |
DO-SdBNP |
| Lengua de catalogación |
spa |
| Centro/agencia transcriptor |
BNPHU |
| Normas de descripción |
rda |
| 041 ## - CÓDIGO DE LENGUA |
| Código de lengua del texto/banda sonora o título independiente |
spa |
| 082 #4 - NÚMERO DE LA CLASIFICACIÓN DECIMAL DEWEY |
| Número de clasificación |
RD861.44 |
| Número de documento/Ítem |
M632c |
| Número de edición |
22 |
| 100 1# - ENTRADA PRINCIPAL--NOMBRE DE PERSONA |
| Nombre de persona |
Mieses Burgos, Franklin, |
| Fechas asociadas al nombre |
1907-1976 |
| Término indicativo de función/relación |
autor |
| Código de función/relación |
aut. |
| 9 (RLIN) |
1952 |
| 245 10 - MENCIÓN DE TÍTULO |
| Título |
Clima de eternidad : |
| Resto del título |
obras completas / |
| Mención de responsabilidad, etc. |
Franklin Mieses Burgos. |
| 264 #1 - PRODUCCIÓN, PUBLICACIÓN, DISTRIBUCIÓN, FABRICACIÓN Y COPYRIGHT |
| Producción, publicación, distribución, fabricación y copyright |
Santiago de los Caballeros, República Dominicana : |
| Nombre del de productor, editor, distribuidor, fabricante |
Universidad Católica Madre y Maestra. Departamento de Publicaciones, |
| Fecha de producción, publicación, distribución, fabricación o copyright |
1986. |
| 300 ## - DESCRIPCIÓN FÍSICA |
| Extensión |
340 páginas ; |
| Dimensiones |
23 cm. |
| 336 ## - TIPO DE CONTENIDO |
| Término de tipo de contenido |
rdacontent |
| Código de tipo de contenido |
texto |
| Fuente |
txt |
| 337 ## - TIPO DE MEDIO |
| Nombre/término del tipo de medio |
rdamedia |
| Código del tipo de medio |
sin mediación |
| Fuente |
n |
| 338 ## - TIPO DE SOPORTE |
| Nombre/término del tipo de soporte |
rdacarrier |
| Código del tipo de soporte |
volumen |
| Fuente |
nc |
| 490 0# - MENCIÓN DE SERIE |
| Mención de serie |
Colección Contemporáneos |
| 504 ## - NOTA DE BIBLIOGRAFÍA, ETC. |
| Nota de bibliografía, etc. |
Bibliografía: páginas 337-340. |
| 505 2# - NOTA DE CONTENIDO CON FORMATO |
| Nota de contenido con formato |
El genio mitológico de Mieses Burgos / Antonio Fernández Spencer -- Un aspecto de la poesía de Franklin Mieses Burgos / Freddy Gatón Arce (1952) -- El sembrador de voces / Federico Henríquez Grateraux -- Franklin Mieses Burgos (1907) / Manuel Rueda (1972) -- Torres de voces (1929- 1936) -- Gaviotas enterradas (1936-1940) -- Propiedad del recuerdo (1940-1942) -- Trópico íntimo (1930-1943) -- Sin mundo va y herido por el cielo (1943-) -- Clima de eternidad (1944 ) -- 12 Sonetos y una canción a la rosa (1945-1947) -- Seis cantos para una sola muerte (1947-1948) -- Presencia de los días (1948-1950) -- Donisio vulnerado (1949-1950) -- El ángel destruido (1950-1952)-- Júbilo de ser (1952-1954) -- Al oido de Dios (1954-1960) -- El héroe |
| 590 ## - NOTA LOCAL (RLIN) |
| Nota local |
Inventariado, 2018/BT |
| 600 10 - PUNTO DE ACCESO ADICIONAL DE MATERIA--NOMBRE DE PERSONA |
| Nombre de persona |
Mieses Burgos, Franklin, |
| Fechas asociadas al nombre |
1907-1976 |
| Subdivisión general |
Critica e interpretación |
| 9 (RLIN) |
1952 |
| 650 #4 - PUNTO DE ACCESO ADICIONAL DE MATERIA--TÉRMINO DE MATERIA |
| Término de materia o nombre geográfico como elemento de entrada |
Poesía dominicana |
| 9 (RLIN) |
66 |
| 650 #4 - PUNTO DE ACCESO ADICIONAL DE MATERIA--TÉRMINO DE MATERIA |
| Término de materia o nombre geográfico como elemento de entrada |
Literatura dominicana. |
| 9 (RLIN) |
67 |
| 910 ## - DATOS DE OPCIÓN DEL USUARIO (OCLC) |
| Datos de opción del usuario |
Validado. Control de calidad MMOLINA |
| 942 ## - ELEMENTOS DE PUNTO DE ACCESO ADICIONAL (KOHA) |
| Fuente del sistema de clasificación o colocación |
Dewey Decimal Classification |
| Tipo de ítem Koha |
Libro |